A fiatal generációk munkahely választási szempontjai és hosszú távú motiválása kis- és középvállalati környezetben

Bibliográfiai részletek
Szerző: Szalóki Nikolett
További közreműködők: Krajcsák Dr. Zoltán
Dokumentumtípus: Diplomadolgozat
Kulcsszavak:Generációs sajátosságok
Munkahely választási szempont
Motiválási módszerek
Online Access:http://dolgozattar.uni-bge.hu/15892

MARC

LEADER 00000nta a2200000 i 4500
001 dolg15892
005 20180512101507.0
008 180512suuuu hu om 000 hun d
040 |a BGE Dolgozattár Repozitórium  |b hun 
041 |a hu 
100 1 |a Szalóki Nikolett 
245 1 2 |a A fiatal generációk munkahely választási szempontjai és hosszú távú motiválása kis- és középvállalati környezetben  |c Szalóki Nikolett  |h [elektronikus dokumentum] 
695 |a Generációs sajátosságok 
695 |a Munkahely választási szempont 
695 |a Motiválási módszerek 
700 1 |a Krajcsák Dr. Zoltán  |e ths 
856 4 0 |u http://dolgozattar.uni-bge.hu/15892/1/Szakdolgozat_Szal%C3%B3ki_Nikolett_Repozit%C3%B3rium.pdf  |z Dokumentum-elérés